000 00924nam a2200241 a 4500
005 20250607063837.0
008 991125s1993 mx 000 0 spa u
020 _a9700800504
035 _aUPN01000017337
049 _aCG
050 4 _aLB1028
_bE6 no.26
111 2 _aCongreso Nacional de Investigación Educativa
_n(2o :
_d1993 :
_cMéxico)
_928997
245 1 0 _aEducación de adultos popular y comunitaria /
_cBertha Salinas Amescua, Enrique Safa Barraza.
260 _aMéxico :
_bSNTE,
_c1993.
300 _a59 p.
440 0 _aEstados de conocimiento.
_pCuaderno ;
_v26
500 _aA la cabeza de la portada: La investigación educativa en los ochenta, perspectiva para los noventa
650 4 _aEducación
_xInvestigación
_vCongresos
_914375
650 4 _aEducación de adultos
_zMéxico
_95673
700 1 _aSalinas Amescua, Bertha,
_ecoaut.
_936312
700 1 _aSafa Barraza, Enrique,
_ecoaut.
905 _aLibro
999 _c17337
_d17337